La relacin̤ jurd̕ica y los derechos subjetivos, su ejercicio cuaderno IV /

Detalles Bibliográficos
Otros Autores: Amat Llombart, Pablo, Bello Janeiro, Domingo
Formato: Libro
Lenguaje:español
Publicado: Madrid : Dykinson, DL2009
Colección:Cuadernos prc̀ticos Bolonia. parte general; 4
Materias:
Acceso en línea:Acceso restringido

MARC

LEADER 00000nam a2200000 a 4500
005 20110912103436.0
008 091117s2009 sp 001 0 spa c
020 |a 9788498497557 
035 |a 5730 
040 |d vLex 
090 |c 2419  |d 2419 
245 0 3 |a La relacin̤ jurd̕ica y los derechos subjetivos, su ejercicio   |h [Recurso electrn̤ico] :  |b cuaderno IV /  |c Pablo Amat Llombart...[et al.]; coordinador: Domingo Bello Janeiro 
256 |a Servicio en ln̕ea. 
260 |a Madrid :  |b Dykinson,  |c DL2009 
300 |a 118 p. 
504 |a Bibliografa̕  
506 1 |a Contenido solo disponible en los productos indicados  |d vLex Global  |d vLex Global (Academic Edition, excluding Law Schools)  |d vLex Global (U.S. Academic Edition, Law Schools)  |d vLex Global (U.S. Academic Edition, excluding Law Schools)  |d vLex Global (Academic Edition, Law Schools) 
650 0 4 |a Norma jurd̕ica  |2   
650 0 4 |a Personalidad (Derecho) 
700 1 |a Amat Llombart, Pablo  
700 1 |a Bello Janeiro, Domingo 
740 0 |a vLex Libros (Servicio en ln̕ea) 
830 0 |a Cuadernos prc̀ticos Bolonia.  |p parte general;  |v 4 
856 4 0 |u http://vlex.com/source/cuadernos-practicos-bolonia-parte-general-relacion-juridica-derechos-subjetivos-ejercicio-5730  |z Acceso restringido 
942 |c BOOK